বারো বাজারের ইতিহাস ও ঐতিহ্য / (Record no. 79945)
[ view plain ]
| 000 -LEADER | |
|---|---|
| fixed length control field | 01406nam a2200253 a 4500 |
| 001 - CONTROL NUMBER | |
| RUCL Control Number | 79945 |
| 003 - CONTROL NUMBER IDENTIFIER | |
| rucl marc code | BD-RjUL |
| 005 - DATE AND TIME OF LATEST TRANSACTION | |
| control field | 20220608120159.0 |
| 008 - FIXED-LENGTH DATA ELEMENTS--GENERAL INFORMATION | |
| fixed length control field | 220608s2000 bg a|||| m||| 00| 0 ben d |
| 035 ## - SYSTEM CONTROL NUMBER | |
| system control number | (BD-RjUL)79945 |
| 040 ## - CATALOGING SOURCE | |
| Original cataloging agency | BD-RjUL |
| Language of cataloging | ben / eng |
| Transcribing agency | BD-RjUL |
| Modifying agency | BD-RjUL |
| 041 ## - LANGUAGE CODE | |
| Language code of Book | ben |
| 082 ## - DEWEY DECIMAL CLASSIFICATION NUMBER | |
| Classification number | 954.92 |
| Author mark and Year | AHB 2000 |
| DDC Edition number | 23 |
| 100 ## - MAIN ENTRY--PERSONAL NAME | |
| Personal name | আহমদ, সাদ |
| 9 (RLIN) | 3520 |
| 245 01 - TITLE STATEMENT | |
| Title | বারো বাজারের ইতিহাস ও ঐতিহ্য / |
| Statement of responsibility, etc | সাদ আহমদ ; |
| Name of Supervisor/Co-Supervisor | তত্ত্বাবধায়ক : এম. এ. বারী |
| 260 ## - PUBLICATION, DISTRIBUTION, ETC. (IMPRINT) | |
| Place of publication, distribution, etc | রাজশাহী : |
| Name of publisher, distributor, etc | ইসলামের ইতিহাস ও সংস্কৃতি বিভাগ, রাজশাহী বিশ্ববিদ্যালয়, |
| Date of publication, distribution, etc | 2000 |
| 300 ## - PHYSICAL DESCRIPTION | |
| Pagination | x, ২০৩ পাতা : |
| Other physical details | চিএ ; |
| Dimensions | ২৯ সেমি. |
| 502 ## - DISSERTATION NOTE | |
| Dissertation note | থিসিস (এম. ফিল.) -- ইসলামের ইতিহাস ও সংস্কৃতি বিভাগ, রাজশাহী বিশ্ববিদ্যালয়, ২০০০ |
| 504 ## - BIBLIOGRAPHY, ETC. NOTE | |
| Bibliography, etc | গ্রন্থপঞ্জী : পাতা ১৪৩-১৬৯ |
| 650 ## - SUBJECT ADDED ENTRY--TOPICAL TERM | |
| Topical term or geographic name as entry element | বারো বাজার |
| Form subdivision | ইতিহাস ও ঐতিহ্য |
| 9 (RLIN) | 3521 |
| Topical term or geographic name as entry element | Twelve markets |
| Form subdivision | History and tradition |
| 9 (RLIN) | 3522 |
| 700 ## - ADDED ENTRY--SUPERVISOR/CO-SUPERVISOR NAME | |
| Personal name | বারী, এম. এ. তত্ত্বাবধায়ক |
| 9 (RLIN) | 3523 |
| 942 ## - ADDED ENTRY ELEMENTS (KOHA) | |
| Source of classification or shelving scheme | Dewey Decimal Classification |
| Koha item type | Theses |
| Source of classification or shelving scheme | Damaged status | Not for loan | Collection code | Permanent Location | Current Location | Shelving location | Date of accession | Source of acquisition | Total Checkouts | Full call number | Barcode | Date last seen | Copy number | Thesis |
|---|---|---|---|---|---|---|---|---|---|---|---|---|---|---|
| Dewey Decimal Classification | Not For Loan | Theses | Central Library, University of Rajshahi | Central Library, University of Rajshahi | Documentation Section | 20/04/2002 | Controller of Exam.; R.U. | BTHE 954.92 AHB 2000 | D2042 | 08/06/2022 | C-I | Theses |